Research Methods: A Practical Guide for Students and Researchers /
Salvato in:
| Autore principale: | |
|---|---|
| Natura: | Libro |
| Lingua: | inglese |
| Pubblicazione: |
London:
World Scientific Publishing,
2018
|
| Edizione: | 1st Edition |
| Soggetti: | |
| Tags: |
Nessun Tag, puoi essere il primo ad aggiungerne!!
|
MARC
| LEADER | 00000nam a22000003a 4500 | ||
|---|---|---|---|
| 001 | 0101504 | ||
| 003 | SK-STU | ||
| 005 | 20231212093401.0 | ||
| 007 | ta | ||
| 008 | 230424s ----xo-----e------000-0-----d | ||
| 020 | |a 9789813229594 | ||
| 040 | |a STU |b slo | ||
| 041 | 0 | |a eng |h eng | |
| 044 | |a xxk | ||
| 100 | 1 | |a Tan, Willie |4 aut |r Z6 | |
| 245 | 1 | 0 | |a Research Methods: |b A Practical Guide for Students and Researchers / |c aut. Willie Tan |
| 250 | |a 1st Edition | ||
| 260 | |a London: |b World Scientific Publishing, |c 2018 | ||
| 300 | |a 228 s. | ||
| 500 | |a E-book | ||
| 650 | 0 | 7 | |a research methods |
| 650 | 0 | 7 | |a Scientific Writing Guides Collection |
| 650 | 0 | 7 | |a e-kniha |
| 996 | |c V* 18/EK |l VVT |s A |a 24 |w 0101504_0001 | ||